000 00558nam a2200229Ia 4500
003 OSt
005 20140311163059.0
008 140130s9999 xx 000 0 und d
020 _a0439114268
050 _aPZ 7
_b.P924J7 1999
100 _aPreller, James
_96900
245 _aThe case of the runaway dog /
_cPreller, James
260 _bScholastic,
_c1999.
_aNew York :
300 _a74 p. :
_bill. ;
_c18 cm.
440 _v1
_931174
521 _aG2
526 _c410
942 _cBK
_2lcc
999 _c40283
_d40283